| 000 | 00860cam a22002295a 4500 | ||
|---|---|---|---|
| 001 | L159413 | ||
| 008 | 170512s2017 xxk f 000 0 eng d | ||
| 020 | _a9781911040453 | ||
| 035 | _a(Sirsi) u159413 | ||
| 041 | 0 | _aeng | |
| 050 | 0 | 4 | _a657.3 ISA |
| 110 | 2 |
_aInternational Accounting Standards Board _94097 |
|
| 240 | _aIFRS Standards 2017 | ||
| 245 | 0 | 0 |
_aInternational Financial Reporting Standards 2017 Part A _bthe conceptual framework and requirements |
| 260 |
_aLondon _bIASB _c2017 |
||
| 520 | _aPart A includes the conceptual cramework for financial reporting, the preface and and consolidated text of the IFRS Standards including IAS standards and interpretations as at 1 January 2017. | ||
| 590 | _aKA | ||
| 650 | 2 | 4 | _aINTERNATIONAL FINANCIAL REPORTING STANDARDS |
| 651 | 4 | _aInternational | |
| 690 | _aFinance and taxation | ||
| 942 | _n0 | ||
| 999 |
_c115878 _d115878 |
||